01515nab a22002417a 4500003000400000005001700004008004100021040000700062100002600069245029700095260007300392300001300465500004500478505038800523505008900911650002901000650002001029650002501049650001301074650002101087650002201108773014301130OSt20251210152821.0190604e xxu||||| |||| 00| 0 spa d cPJ aIturbide, Gabriela A.13aHipotecas divisibles e inscripción de boletos de compraventa. Análisis de la resolución conjunta 2/2025 y de las disposiciones técnico-registrales 10/2025, 11/2025 y 14/2025 del Registro de la Propiedad Inmueble de la Capital Federal • Iturbide, Gabriela A. • cGabriela Iturbide. aCiudad Autónoma de Buenos Aires :bThomson Reuters La Ley, c2025. ap. 16-25 aCita Online: TR LALEY AR/DOC/2385/2025.  aSumario: I. Introducción.— II. La res. conjunta 2/2025.— III. La disposición técnico-registral 10/2025.— IV. La disposición técnico-registral 11 del Registro de la Propiedad Inmueble de la Capital Federal del 28 de julio de 2025.— V. La disposición técnico-registral 14/2025 del Registro de la Propiedad Inmueble de la Capital Federal.— VI. Nuestra opinión. t¿Te interesa el texto completo? Solicitalo al correo: koha@justierradelfuego.gov.ar 0aCODIGO CIVIL Y COMERCIAL 0aDERECHOS REALES 0aPROPIEDAD HORIZONTAL 0aHIPOTECA 0aBIENES INMUEBLES 0aESCRITURA PUBLICA0 02714dCiudad Autónoma de Buenos Aires : Thomson Reuters La Ley, 2014-tRevista anales de legislación argentina. Nº 10 - Octubre 2025.